Les cartes de Seto Kaiba dans Yu-Gi-Oh! - Statistiques

Statistiques générales
  • Ce quiz a été pris 172 fois
  • Le résultat moyen est 12 sur 24
Statistiques - réponses
Par images Réponse % Correct
Dragon Blanc aux Yeux Bleus
99%
Obelisk, le Tourmenteur
87%
Dragon Ultime aux Yeux Bleus
78%
Juge
73%
Bourse des Âmes
61%
Dragon du Tonnerre
61%
Seigneur des D
58%
Tête de Canon X
57%
Bœuf de Combat
56%
Tête de Dragon Y
55%
Anneau de Destruction
54%
Rétrécissement
52%
La Jinn le Génie Mystique de la Lampe
48%
Saggi le Clown des Ténèbres
46%
Tank de Métal Z
44%
Marauseur Vorse
43%
Lance Dragon
42%
Kaiser Hippocampe
41%
La Flûte d'Invocation du Dragon
40%
Le Croc de Critias
34%
Virus Broyeur de Carte
34%
Chevalier Épée
23%
Planeur du Kaiser
21%
Esprit Ryu
20%
Aucun quiz correspondant
Distribution des résultats
% des personnes avec chaque résultat
Percentile par nombre de réponses
Votre historique - résultats
Vous n’avez pas pris ce quiz